[Event "Tournoi n27295"]
[Site "www.echecsemail.com"]
[Date "2026.01.07"]
[Round "1"]
[White "Philoconche"]
[Black "Katastrofic"]
[WhiteElo "1490"]
[BlackElo "1430"]
[Result "1-0"]
1.e4 c5
2.d4 e6
3.Ng1f3 Bf8e7
4.Bf1c4 d6
5.Bc1f4 Ng8f6
6.O-O a6
7.Rf1e1 O-O
8.Nb1c3 b5
9.Bc4d3 c4
10.Bd3e2 Bc8b7
11.d5 e5
12.Bf4g3 b4
13.Nc3a4 Qd8d7
14.b3 Qd7d8
15.Be2xc4 a5
16.Na4b2 Bb7a6
17.Bc4xa6 Nb8xa6
18.Nb2c4 Na6c5
19.Nf3d2 a4
20.Nd2f3 a3
21.Nf3d2 Ra8a6
22.Qd1e2 h6
23.Nc4e3 Nc5xe4
24.Nd2xe4 Ra6a8
25.f3 Ra8c8
26.Re1c1 Nf6xe4
27.fxe4 Qd8b6
28.Bg3f2 Qb6b7
29.Ne3f5 Rc8c3
30.Rc1d1 Rf8c8
31.Ra1c1 Rc8c7
32.Nf5xe7 Rc7xe7
33.Rd1d3 Re7c7
34.Rd3xc3 Rc7xc3
35.Bf2e1 Qb7c7
36.Be1xc3 Qc7xc3
37.Qe2d3 Qc3c5
38.Kh1 { abandon }1-0

[Event "Défi"]
[Site "www.echecsemail.com"]
[Date "2026.01.07"]
[Round "1"]
[White "Voyageur"]
[Black "Buzz84"]
[WhiteElo "1580"]
[BlackElo "1500"]
[Result "1-0"]
1.d4 d5
2.c4 c6
3.e3 Ng8f6
4.cxd5 Qd8xd5
5.Nb1c3 Qd5a5
6.Bc1d2 e6
7.Ng1f3 Bf8e7
8.Nc3b5 Qa5c7
9.Nb5xc7 { abandon }1-0

[Event "La Diagonale du fou 8"]
[Site "www.echecsemail.com"]
[Date "2026.01.07"]
[Round "1"]
[White "Dameroi"]
[Black "Filosofia"]
[WhiteElo "1720"]
[BlackElo "2060"]
[Result "0-1"]
1.d4 c6
2.e4 d5
3.e5 c5
4.c3 Nb8c6
5.Ng1f3 Bc8g4
6.Nb1d2 cxd4
7.cxd4 e6
8.Bf1e2 Qd8b6
9.a3 Ng8h6
10.O-O Nh6f5
11.Nd2b3 Bg4xf3
12.Be2xf3 Nf5xd4
13.Nb3xd4 Qb6xd4
14.Qd1xd4 Nc6xd4
15.Bf3d1 Bf8c5
16.Kh1 a5
17.f4 g6
18.g3 Nd4c6
19.Kg2 O-O
20.Rf1e1 Rf8c8
21.Bc1e3 Bc5xe3
22.Re1xe3 b5
23.Ra1c1 Nc6d4
24.Re3c3 Rc8xc3
25.Rc1xc3 b4
26.Rc3c5 bxa3
27.bxa3 a4
28.Kf2 Ra8b8
29.Bd1xa4 Rb8b2
30.Ke3 Nd4f5
31.Kf3 Rb2xh2
32.Ba4d1 Rh2h3
33.Kf2 Rh3xg3
34.a4 h5
35.a5 h4
36.a6 Rg3a3
37.Rc5c6 h3
38.Bd1e2 Kg7
39.Rc6c7 h2
40.Kg2 h1Q
41.Kxh1 Nf5g3
42.Kg2 Ng3xe2
{ abandon }0-1

[Event "Jean 7"]
[Site "www.echecsemail.com"]
[Date "2026.01.07"]
[Round "1"]
[White "Jyfsk"]
[Black "Titit1"]
[WhiteElo "1780"]
[BlackElo "1500"]
[Result "1-0"]
1.e4 Ng8f6
2.e5 Nf6d5
3.c4 Nd5b6
4.c5 Nb6d5
5.Ng1f3 Nb8c6
6.Bf1c4 Nd5b4
7.a3 Nb4a6
8.d4 Na6b8
9.O-O e6
10.Nb1c3 Bf8e7
11.b4 O-O
12.Bc1e3 a6
13.Ra1b1 b6
14.Nc3e4 b5
15.Bc4d3 Bc8b7
16.h3 d6
17.exd6 cxd6
18.Qd1d2 d5
19.Ne4g3 Nb8d7
20.Rf1e1 Qd8c8
21.Be3f4 Nd7f6
22.Nf3e5 Nf6d7
23.Ne5xd7 Qc8xd7
24.Bf4e3 Qd7d8
25.f4 Be7h4
26.Be3f2 Qd8f6
27.Ng3h5 Bh4xf2
28.Qd2xf2 Qf6d8
29.g4 Nc6e7
30.Qf2h4 Bb7c6
31.Nh5f6 gxf6
32.Qh4xh7 1-0

[Event "5 octobre 2025"]
[Site "www.echecsemail.com"]
[Date "2026.01.07"]
[Round "1"]
[White "Jyfsk"]
[Black "Janolapin"]
[WhiteElo "1770"]
[BlackElo "1670"]
[Result "0-1"]
1.e4 g6
2.d4 Bf8g7
3.Ng1f3 d6
4.Bf1c4 e6
5.O-O Ng8e7
6.Nb1c3 a6
7.Bc1e3 b5
8.Bc4d3 Bc8b7
9.Qd1d2 Nb8d7
10.Nc3e2 O-O
11.c3 Ra8c8
12.Ne2g3 c5
13.dxc5 Nd7xc5
14.Be3xc5 dxc5
15.b3 c4
16.Bd3c2 Qd8xd2
17.Nf3xd2 Rf8d8
18.Nd2b1 cxb3
19.Bc2xb3 Bg7xc3
20.Nb1xc3 Rc8xc3
21.f3 Rd8c8
22.Ng3e2 Rc3c7
23.Rf1c1 Kf8
24.Kf2 Ne7c6
25.Rc1c2 Nc6a5
26.Rc2xc7 Rc8xc7
27.Ne2d4 Na5xb3
28.axb3 Ke7
29.Ke2 e5
30.Nd4f5 gxf5
31.exf5 Rc7c2
32.Kf1 Kf6
33.h3 Kxf5
34.Ra1e1 f6
{ abandon }0-1

[Event "Défi"]
[Site "www.echecsemail.com"]
[Date "2026.01.07"]
[Round "1"]
[White "Gediato30"]
[Black "Boudon"]
[WhiteElo "2160"]
[BlackElo "2190"]
[Result "0-1"]
1.c4 e5
2.Nb1c3 Bf8b4
3.Ng1f3 Bb4xc3
4.bxc3 d6
5.g3 f5
6.Bf1g2 Ng8f6
7.O-O Nb8c6
8.d3 O-O
9.Bc1g5 Qd8e8
10.Ra1b1 e4
11.Nf3d2 exd3
12.exd3 Qe8g6
13.Nd2f3 Nc6e5
14.Bg5xf6 Qg6xf6
15.Nf3xe5 dxe5
16.Bg2xb7 Bc8xb7
17.Rb1xb7 f4
18.Rb7xc7 f3
19.c5 Ra8b8
20.Qd1a4 Rb8d8
21.Qa4g4 h5
22.Qg4c4 Kh8
23.Qc4e4 Qf6e6
24.Qe4b7 Qe6h3
{ abandon }0-1

[Event "Défi"]
[Site "www.echecsemail.com"]
[Date "2026.01.07"]
[Round "1"]
[White "Calcedoine"]
[Black "Arno"]
[WhiteElo "1800"]
[BlackElo "1770"]
[Result "0-1"]
1.c3 e5
2.d4 exd4
3.cxd4 Ng8f6
4.Nb1c3 Bf8b4
5.f3 d5
6.Bc1d2 O-O
7.Qd1a4 Nb8c6
8.e3 Bc8d7
9.Qa4c2 Qd8e7
10.a3 Bb4xc3
11.bxc3 Nf6h5
12.Ng1e2 Rf8e8
13.Ra1b1 Qe7h4
14.g3 Qh4e7
15.h4 f5
16.Bf1g2 Qe7xa3
17.O-O b6
18.f4 Qa3d6
19.Bg2h3 Qd6g6
20.Kh2 Nc6a5
21.Rf1f3 Na5c4
22.Bd2c1 Nh5f6
23.Qc2a2 Nf6e4
24.Rb1b4 b5
25.Bh3g2 a5
26.Rb4b3 Ne4f6
27.Bg2h3 Qg6h5
28.Ne2g1 Nc4d6
29.Rb3b2 Nd6c4
30.Rb2g2 Nf6e4
31.Qa2a1 c5
32.dxc5 Ne4xc5
33.Qa1b1 a4
34.Rg2a2 Nc5d3
35.Bh3f1 Nd3c5
36.Bf1xc4 dxc4
37.Bc1a3 Nc5d3
38.Qb1f1 Bd7c6
39.Kg2 Re8xe3
40.Ba3d6 Bc6xf3
41.Ng1xf3 Ra8d8
42.Bd6c7 Rd8e8
43.Nf3e5 Nd3xe5
44.Bc7xe5 Re8xe5
45.fxe5 Re3xe5
46.Qf1f4 Re5e2
47.Ra2xe2 Qh5xe2
48.Kh3 Qe2g4
{ abandon }0-1

[Event "Tournoi n27356"]
[Site "www.echecsemail.com"]
[Date "2026.01.07"]
[Round "1"]
[White "Jetjet91330"]
[Black "Killbill"]
[WhiteElo "2090"]
[BlackElo "2019"]
[Result "0-1"]
1.d4 d5
2.Ng1f3 Ng8f6
3.Bc1f4 c5
4.e3 Nb8c6
5.c3 Qd8b6
6.Qd1b3 c4
7.Qb3xb6 axb6
8.Nb1d2 Bc8f5
9.Bf1e2 e6
10.O-O Bf8e7
11.h3 b5
12.Nf3e5 Nc6xe5
13.Bf4xe5 b4
14.Rf1c1 bxc3
15.bxc3 Be7a3
16.Rc1f1 Ba3b2
{ abandon }0-1

[Event "Tournoi n27203"]
[Site "www.echecsemail.com"]
[Date "2026.01.07"]
[Round "1"]
[White "Ponaparte"]
[Black "Echephile"]
[WhiteElo "2140"]
[BlackElo "2160"]
[Result "0-1"]
1.e4 c5
2.Ng1f3 d6
3.d4 cxd4
4.Qd1xd4 Ng8f6
5.e5 Nb8c6
6.Bf1b5 Qd8a5
7.Nb1c3 Qa5xb5
8.Nc3xb5 Nc6xd4
9.Nb5xd4 dxe5
10.Nf3xe5 g6
11.Nd4b5 Nf6d5
12.c4 a6
13.cxd5 axb5
14.b3 Bf8g7
15.Bc1b2 O-O
16.O-O Rf8d8
17.Rf1d1 Ra8a6
18.f4 Bc8f5
19.Bb2c3 Bf5e4
20.Bc3b4 Rd8xd5
21.Bb4xe7 Bg7xe5
22.Rd1xd5 Be5xa1
{ abandon }0-1

[Event "Memorial Lara CIII"]
[Site "www.echecsemail.com"]
[Date "2026.01.07"]
[Round "1"]
[White "Bertelsen"]
[Black "Connecticcut"]
[WhiteElo "1730"]
[BlackElo "1860"]
[Result "1-0"]
1.d4 d5
2.Ng1f3 Bc8f5
3.Nb1c3 e6
4.a3 Bf8d6
5.e3 a6
6.Bf1e2 Ng8f6
7.O-O Nf6e4
8.Nc3xe4 dxe4
9.Nf3e1 O-O
10.f4 exf3
11.Be2xf3 c6
12.c4 Nb8d7
13.c5 Bd6c7
14.Bc1d2 Qd8h4
15.g3 Qh4f6
16.Bf3g2 Qf6g6
17.Ne1f3 Qg6h5
18.Nf3h4 Nd7f6
19.Qd1xh5 Nf6xh5
20.Nh4xf5 exf5
21.Bg2f3 h6
22.Bf3xh5 g6
23.Bh5f3 h5
24.e4 fxe4
25.Bf3xe4 f5
26.Be4g2 b6
27.b4 bxc5
28.Bg2xc6 Ra8d8
29.d5 cxb4
30.axb4 Rd8b8
31.Ra1xa6 Bc7b6
32.Kg2 Bb6d4
33.b5 Rf8f7
34.Ra6a8 Rb8xa8
35.Bc6xa8 Rf7c7
36.Ba8c6 Kf7
37.Rf1e1 Bd4c5
38.Bd2e3 Bc5xe3
39.Re1xe3 h4
40.Kh3 hxg3
41.hxg3 g5
42.Re3e8 Rc7xc6
43.dxc6 Kxe8
44.Kg2 Kd8
45.Kf3 Kc7
46.Ke3 Kd6
47.Kd4 Kc7
48.Ke5 f4
49.gxf4 g4
50.Ke4 Kd6
51.f5 g3
52.Kf3 { abandon }1-0

[Event "Défi"]
[Site "www.echecsemail.com"]
[Date "2026.01.07"]
[Round "1"]
[White "Artistepeintre"]
[Black "Claudius94"]
[WhiteElo "1560"]
[BlackElo "1899"]
[Result "0-1"]
1.e4 e5
2.Ng1f3 d6
3.h3 Bf8e7
4.Bf1c4 Ng8f6
5.Nf3g5 d5
6.exd5 Nf6xd5
7.Ng5e4 c6
8.d3 O-O
9.Qd1h5 Bc8f5
10.Qh5xf5 Qd8d7
11.Qf5h5 Nd5f6
12.Ne4xf6 Be7xf6
13.Nb1d2 Qd7e7
14.Nd2e4 Nb8d7
15.Qh5g4 g6
16.h4 h5
17.Qg4g3 Ra8c8
18.Ne4g5 b5
19.Bc4b3 Kg7
20.Bc1e3 Bf6xg5
21.Be3xg5 f6
22.Bg5e3 a5
23.Qg3f3 a4
24.c4 axb3
25.a3 bxc4
26.Ra1d1 c3
27.bxc3 Qe7xa3
28.O-O b2
29.Rd1b1 Qa3xc3
30.Qf3e2 Rc8b8
31.Be3d2 Qc3a3
32.Qe2e3 Rf8h8
33.g4 hxg4
34.Kg2 Rh8xh4
35.f3 gxf3
36.Rf1xf3 Qa3a2
37.Rf3f1 Rb8h8
38.Bd2c3 Rh4h2
39.Kg1 Rh2h1
40.Kf2 Rh1xf1
41.Rb1xf1 b1Q
42.Bc3d2 Qb1xf1
43.Kxf1 Qa2b1
44.Kg2 Qb1h1
45.Kg3 Rh8h3
46.Kf2 Rh3xe3
47.Bd2xe3 Qh1d1
{ abandon }0-1

[Event "Tournoi échelle division 1"]
[Site "www.echecsemail.com"]
[Date "2026.01.07"]
[Round "1"]
[White "Pgo"]
[Black "Luc20"]
[WhiteElo "1710"]
[BlackElo "1870"]
[Result "1-0"]
1.e4 e6
2.Ng1f3 d5
3.Nb1c3 c6
4.d3 Bf8b4
5.Bc1d2 Nb8d7
6.Bf1e2 Ng8e7
7.O-O b5
8.exd5 Ne7xd5
9.Nc3xd5 Bb4xd2
10.Qd1xd2 cxd5
11.d4 a6
12.a3 O-O
13.c3 Bc8b7
14.b4 Nd7f6
15.h3 Nf6e4
16.Qd2e3 Ra8c8
17.Rf1c1 f5
18.Nf3e5 Qd8c7
19.Ra1a2 Ne4xc3
20.Ra2c2 Nc3xe2
21.Qe3xe2 Qc7e7
22.Rc2xc8 Rf8xc8
23.Rc1xc8 Bb7xc8
24.Qe2c2 Qe7e8
25.Qc2c7 g6
26.f4 h6
27.Ne5xg6 Qe8xg6
28.Qc7xc8 Kg7
29.Qc8xa6 Kf6
30.Qa6xb5 Qg6g3
31.a4 Qg3e3
32.Kh1 Qe3xd4
33.Qb5b8 Qd4a1
34.Kh2 Qa1xa4
35.Qb8e5 Ke7
36.Qe5g7 Kd6
37.Qg7xh6 d4
38.Qh6f8 Kd5
39.Qf8c5 Ke4
40.Qc5e5 Kd3
41.Qe5a5 Qa4d7
42.b5 Qd7d5
43.Qa5a6 Qd5c4
44.Qa6a3 Qc4c3
45.Qa3d6 Qc3b2
46.b6 Kd2
47.Qd6xe6 d3
48.h4 Kc1
49.Qe6e3 d2
50.Qe3c5 Qb2c2
51.Qc5a3 Qc2b2
52.Qa3e3 Kb1
53.Qe3d3 Qb2c2
54.Qd3b5 Kc1
55.b7 d1Q
56.b8Q Qd1g4
57.Qb5f1 Kd2
58.Qb8b4 Ke3
59.Qb4e7 Qc2e4
60.Qe7a3 Kd4
61.Qf1f2 Kd5
62.Qa3c5 Ke6
63.Qf2a2 Kf6
64.Qc5f8 Kg6
65.Qa2g8 Kh5
66.Qg8h7 1-0

[Event "VIC LA GARDIOLE"]
[Site "www.echecsemail.com"]
[Date "2026.01.07"]
[Round "1"]
[White "Tartu"]
[Black "Orosco"]
[WhiteElo "1690"]
[BlackElo "2280"]
[Result "0-1"]
1.e4 e5
2.Ng1f3 Nb8c6
3.Nb1c3 Ng8f6
4.d4 exd4
5.Nf3xd4 Bf8b4
6.Nd4xc6 Bb4xc3
7.bxc3 bxc6
8.Bf1d3 O-O
9.O-O d6
10.h3 Bc8b7
11.Bc1g5 h6
12.Bg5h4 g5
13.Bh4g3 Kg7
14.Ra1b1 Ra8b8
15.e5 Nf6e8
16.Qd1h5 Qd8e7
17.exd6 cxd6
18.Rf1e1 Qe7f6
19.h4 c5
20.hxg5 Qf6xg5
21.Qh5xg5 hxg5
22.Bd3e4 Bb7xe4
23.Rb1xb8 d5
24.Bg3e5 f6
25.Rb8b7 Rf8f7
26.Rb7b3 fxe5
27.f3 Be4xc2
28.Rb3b8 Rf7e7
29.Re1c1 Bc2g6
30.g3 Kf7
31.g4 e4
32.fxe4 Bg6xe4
33.Rc1f1 Kg6
34.Rf1f8 Ne8f6
35.Rf8c8 c4
36.a4 Nf6xg4
37.Rc8g8 Kf5
38.Rb8f8 Ng4f6
39.Rg8h8 Ke5
40.a5 Re7g7
41.Rf8a8 g4
42.Rh8b8 Kf5
43.Rb8b2 g3
44.Ra8d8 g2
45.Rd8h8 Rg7h7
46.Rb2f2 Kg6
47.Rh8f8 Rh7h1
0-1

[Event "VIC LA GARDIOLE"]
[Site "www.echecsemail.com"]
[Date "2026.01.07"]
[Round "1"]
[White "Tartu"]
[Black "4x4"]
[WhiteElo "1690"]
[BlackElo "1460"]
[Result "1-0"]
1.e4 e5
2.Ng1f3 Nb8c6
3.Nb1c3 Ng8f6
4.d4 exd4
5.Nf3xd4 Nc6xd4
6.Qd1xd4 d6
7.Bc1e3 c5
8.Qd4d2 b6
9.Bf1b5 Bc8d7
10.Bb5xd7 Nf6xd7
11.Nc3d5 Nd7e5
12.O-O Ne5c4
13.Qd2c1 Nc4xe3
14.Qc1xe3 Bf8e7
15.c4 Qd8d7
16.h3 O-O-O
17.b4 cxb4
18.Nd5xb4 Qd7a4
19.a3 Kb7
20.Qe3d4 Be7f6
21.Qd4d5 Kc7
22.Qd5xf7 Rd8d7
23.Qf7e6 Rd7e7
24.Nb4d5 Kc6
25.Nd5xe7 Bf6xe7
26.Qe6xe7 g6
27.Qe7e6 Rh8d8
28.Qe6d5 Kc7
29.Qd5b5 Qa4xb5
30.cxb5 Kb7
31.Rf1d1 Kc7
32.Ra1c1 Kd7
33.Rc1c6 Ke6
34.f4 Rd8d7
35.a4 h6
36.g4 Rd7d8
37.h4 Rd8d7
38.Kf2 Ke7
39.Ke3 Kd8
40.Rc6xd6 Rd7xd6
41.Rd1xd6 Ke7
42.Kd4 Kxd6
43.e5 Ke6
44.h5 gxh5
45.gxh5 Kf5
46.Kd5 Kxf4
47.e6 Kg5
48.e7 Kxh5
49.e8Q Kg5
50.Qe8e5 Kg4
51.Ke4 h5
52.Qe5f4 Kh3
53.Ke3 h4
54.Qf4g5 Kh2
55.Kf3 h3
56.Qg5g3 Kh1
57.Qg3xh3 Kg1
58.Qh3g2 1-0

[Event "Tournoi n27356"]
[Site "www.echecsemail.com"]
[Date "2026.01.07"]
[Round "1"]
[White "Alain64"]
[Black "Jetjet91330"]
[WhiteElo "2120"]
[BlackElo "2110"]
[Result "0-1"]
1.c4 c5
2.Nb1c3 Nb8c6
3.Ng1f3 g6
4.e3 Bf8g7
5.d4 cxd4
6.exd4 e6
7.Bf1e2 Ng8f6
8.O-O O-O
9.Kh1 b6
10.Bc1g5 Bc8b7
11.d5 Nc6e7
12.h3 exd5
13.cxd5 Nf6xd5
14.Nc3xd5 Bb7xd5
15.Bg5xe7 Qd8xe7
16.Qd1xd5 Qe7xe2
17.Ra1b1 Qe2e6
18.Rf1d1 Ra8c8
19.Qd5xd7 Qe6xa2
20.Nf3g5 h6
21.Ng5e4 Rc8c2
22.b3 Rc2b2
23.Rb1a1 Qa2xb3
24.Ra1xa7 Rb2b1
25.g3 Qb3f3
26.Kh2 Rb1xd1
{ abandon }0-1

[Event "Défi"]
[Site "www.echecsemail.com"]
[Date "2026.01.07"]
[Round "1"]
[White "Bouffon"]
[Black "Artistepeintre"]
[WhiteElo "1730"]
[BlackElo "1570"]
[Result "1-0"]
1.e4 e5
2.Ng1f3 d6
3.d4 exd4
4.Qd1xd4 Nb8c6
5.Qd4d1 Bc8g4
6.Bf1e2 Bf8e7
7.c3 Ng8f6
8.Nb1d2 Bg4xf3
9.Be2xf3 h6
10.O-O O-O
11.Rf1e1 Nc6e5
12.Bf3e2 a6
13.Nd2c4 Ne5c6
14.Be2f3 b5
15.Nc4e3 Nc6a5
16.e5 Nf6d7
17.Bf3xa8 Qd8xa8
18.exd6 Be7xd6
19.Bc1d2 Nd7f6
20.c4 Na5c6
21.cxb5 axb5
22.Bd2c3 Nf6e4
23.Qd1d3 Rf8e8
24.a3 Qa8a4
25.Qd3c2 Qa4a8
26.Ne3f5 Bd6c5
27.Re1xe4 Re8f8
28.Bc3xg7 Bc5xf2
29.Qc2xf2 Rf8d8
30.Bg7xh6 Nc6a5
31.Qf2g3 Kh7
32.Qg3g7 1-0

[Event "Défi"]
[Site "www.echecsemail.com"]
[Date "2026.01.07"]
[Round "1"]
[White "Verson"]
[Black "Arno"]
[WhiteElo "1850"]
[BlackElo "1770"]
[Result "1-0"]
1.d4 Ng8f6
2.Ng1f3 d5
3.e3 c5
4.c3 Nb8c6
5.Bf1d3 Bc8g4
6.Nb1d2 e6
7.O-O Bf8d6
8.h3 Bg4xf3
9.Nd2xf3 O-O
10.b3 b6
11.Bc1b2 Nf6e4
12.c4 cxd4
13.exd4 Ne4f6
14.Nf3e5 Bd6xe5
15.dxe5 Nf6d7
16.Qd1h5 g6
17.Qh5g4 Nd7xe5
18.Bb2xe5 Nc6xe5
19.Qg4e2 Ne5xd3
20.Qe2xd3 dxc4
21.Qd3xc4 Ra8c8
22.Qc4e2 Rc8c5
23.Rf1d1 Qd8c7
24.Qe2d2 Rc5c2
25.Qd2d7 Qc7c5
26.Rd1d2 Rc2c1
27.Ra1xc1 Qc5xc1
28.Kh2 Rf8c8
29.Rd2d6 Qc1c7
30.g3 Qc7xd7
31.Rd6xd7 Rc8a8
32.Kg2 Kf8
33.f4 Ke8
34.Rd7c7 a6
35.Kf3 Ra8d8
36.Ke3 Rd8d6
37.g4 b5
38.a3 Rd6d7
39.Rc7c6 Rd7a7
40.Ke4 Kd7
41.Rc6c3 Ra7c7
42.Rc3xc7 Kxc7
43.Ke5 Kd7
44.Kf6 Ke8
45.g5 a5
46.h4 Kf8
47.b4 a4
48.Ke5 Ke7
49.Kd4 Kd6
50.Ke4 Kd7
51.Ke5 Ke7
52.Ke4 f6
53.Kd4 fxg5
54.hxg5 Kd6
55.Ke4 Kd7
56.Ke5 Ke7
57.Ke4 Kf7
58.Kd4 Ke7
59.Kc5 e5
60.fxe5 Ke6
61.Kxb5 Kxe5
62.Kc6 h6
63.gxh6 Kf6
64.b5 { abandon }1-0

[Event "Défi"]
[Site "www.echecsemail.com"]
[Date "2026.01.07"]
[Round "1"]
[White "Wenoketo"]
[Black "Verson"]
[WhiteElo "1620"]
[BlackElo "1870"]
[Result "0-1"]
1.d4 d5
2.Ng1f3 Ng8f6
3.Bc1f4 e6
4.h3 Bf8d6
5.Bf4xd6 Qd8xd6
6.e3 Nb8d7
7.Nb1d2 O-O
8.Bf1e2 e5
9.dxe5 Nd7xe5
10.Nf3xe5 Qd6xe5
11.c3 Bc8f5
12.Ra1c1 Nf6e4
13.Nd2xe4 Bf5xe4
14.Be2f3 Ra8d8
15.Qd1e2 f5
16.O-O c6
17.Rf1d1 Rd8e8
18.c4 Be4xf3
19.Qe2xf3 dxc4
20.Rc1xc4 Qe5xb2
21.Rc4a4 a6
22.Rd1d7 Re8d8
23.Rd7xd8 Rf8xd8
24.Qf3xf5 Rd8f8
25.Qf5e6 Kh8
26.f4 h6
27.Qe6b3 Qb2xb3
28.axb3 Rf8d8
29.Ra4d4 Rd8xd4
30.exd4 g6
31.Kf2 Kg7
32.g4 Kf6
33.Ke3 a5
34.Ke4 b5
35.h4 a4
36.bxa4 bxa4
37.Kd3 h5
38.gxh5 gxh5
39.Kc4 Kf5
40.Kb4 Kxf4
41.Kxa4 Kg4
42.Kb4 Kxh4
43.Kc5 Kg4
44.Kxc6 h4
45.d5 h3
46.d6 h2
47.d7 h1Q
48.Kc7 Qh1h7
49.Kc8 Qh7f5
50.Kc7 Qf5c5
51.Kd8 Kf5
52.Ke8 Qc5e5
53.Kd8 Ke6
{ abandon }0-1

[Event "Défi"]
[Site "www.echecsemail.com"]
[Date "2026.01.07"]
[Round "1"]
[White "Wenoketo"]
[Black "Tartu"]
[WhiteElo "1620"]
[BlackElo "1680"]
[Result "1-0"]
1.d4 Ng8f6
2.Ng1f3 c5
3.dxc5 Nb8c6
4.Bc1f4 g6
5.e3 Bf8g7
6.c3 O-O
7.Nb1d2 d6
8.cxd6 exd6
9.Nd2b3 d5
10.Bf1e2 b6
11.h3 Rf8e8
12.O-O Bc8f5
13.Nb3d4 Nc6xd4
14.Nf3xd4 Bf5d7
15.Nd4f3 Ra8c8
16.Bf4e5 Bd7c6
17.Be5d4 Bc6b7
18.Ra1c1 Nf6e4
19.Bd4xg7 Kxg7
20.Nf3d2 Qd8g5
21.Nd2f3 Qg5f6
22.Be2d3 Ne4g5
23.Nf3xg5 Qf6xg5
24.Qd1g4 Qg5xg4
25.hxg4 Bb7c6
26.b3 a5
27.Rc1c2 Bc6d7
28.Bd3e2 h6
29.Be2f3 Bd7e6
30.Rf1d1 Rc8d8
31.Rc2d2 Rd8c8
32.Bf3e2 Re8d8
33.c4 g5
34.cxd5 Be6d7
35.Be2f3 Rc8c3
36.Kf1 Bd7b5
37.Ke1 Rd8d6
38.e4 a4
39.bxa4 Bb5xa4
40.Rd1b1 b5
41.Bf3d1 Rc3a3
42.Bd1xa4 Ra3xa4
43.Rb1xb5 Ra4xe4
44.Rd2e2 Re4xg4
45.f3 Rg4d4
46.Re2d2 Rd6xd5
47.Rb5xd5 { abandon }1-0

[Event "VIC LA GARDIOLE"]
[Site "www.echecsemail.com"]
[Date "2026.01.07"]
[Round "1"]
[White "4x4"]
[Black "Qsdmlk"]
[WhiteElo "1460"]
[BlackElo "1550"]
[Result "1-0"]
1.e4 e5
2.Ng1f3 Nb8c6
3.Nb1c3 Ng8f6
4.d4 exd4
5.Nf3xd4 Bf8c5
6.Bc1e3 O-O
7.Nd4xc6 bxc6
8.Be3xc5 d6
9.Bc5e3 Rf8e8
10.Bf1d3 Bc8b7
11.Qd1e2 c5
12.O-O-O a5
13.f4 Nf6xe4
14.Nc3xe4 Bb7xe4
15.Bd3b5 Re8e7
16.Bb5d3 Be4xg2
17.Rh1g1 Bg2d5
18.Qe2g4 f6
19.b3 Qd8f8
20.c4 Re7xe3
21.cxd5 Re3e7
22.h4 a4
23.Rd1e1 Re7xe1
24.Rg1xe1 axb3
25.axb3 Ra8a1
26.Bd3b1 Qf8b8
27.Qg4e6 Kf8
28.Qe6e7 Kg8
29.Re1e3 h6
30.Qe7e6 Kf8
31.Kc2 Qb8a8
32.Qe6e7 Kg8
33.Qe7xc7 f5
34.Re3e7 Qa8f8
35.Qc7xd6 c4
36.bxc4 Qf8a8
37.Qd6e6 Kh7
38.h5 Qa8a4
39.Kc1 Qa4xc4
40.Kb2 Ra1a8
41.Bb1xf5 Kh8
42.Re7e8 { abandon }1-0

[Event "Défi"]
[Site "www.echecsemail.com"]
[Date "2026.01.07"]
[Round "1"]
[White "Mais"]
[Black "Intrigue"]
[WhiteElo "1960"]
[BlackElo "1730"]
[Result "1-0"]
1.d4 Ng8f6
2.Ng1f3 d5
3.e3 e6
4.Bf1d3 Bf8e7
5.O-O O-O
6.Nb1c3 Nb8d7
7.Qd1e2 h6
8.e4 dxe4
9.Nc3xe4 Nf6xe4
10.Qe2xe4 Nd7f6
11.Qe4e3 Be7d6
12.h3 Rf8e8
13.Nf3e5 Nf6d5
14.Qe3g3 Bd6xe5
15.dxe5 Kh8
16.Qg3f3 Re8f8
17.Qf3h5 Nd5b4
18.Bc1xh6 g6
19.Qh5g4 Nb4xd3
20.cxd3 Rf8g8
21.Bh6g5 Qd8d5
22.Bg5f6 Rg8g7
23.Qg4h4 Kg8
24.Bf6xg7 Kxg7
25.Qh4f6 Kf8
26.d4 Qd5xd4
27.Ra1d1 { abandon }1-0

[Event "Tournoi n27282"]
[Site "www.echecsemail.com"]
[Date "2026.01.07"]
[Round "1"]
[White "Nogean"]
[Black "Panchoa"]
[WhiteElo "1640"]
[BlackElo "1620"]
[Result "1-0"]
1.c4 e5
2.Nb1c3 Ng8f6
3.Ng1f3 Bf8c5
4.g3 O-O
5.Nf3xe5 d6
6.Ne5d3 Bc8f5
7.Nd3xc5 dxc5
8.d3 Rf8e8
9.Bf1g2 Nb8c6
10.h3 Ra8b8
11.O-O Nc6d4
12.e3 Nd4e6
13.Nc3b5 Bf5xd3
14.Rf1e1 Bd3xc4
15.Nb5c3 Qd8xd1
16.Re1xd1 b6
17.b3 Bc4a6
18.Bc1b2 c4
19.b4 b5
20.Nc3d5 Ba6b7
21.Nd5xf6 gxf6
22.a4 Bb7xg2
23.Kxg2 Ne6g5
24.Bb2xf6 Ng5e4
25.Rd1d7 Ne4xf6
26.Rd7xc7 a6
27.Rc7a7 c3
28.Ra7xa6 Re8d8
29.Ra6c6 Nf6e4
30.Kf3 f5
31.Kg2 Rd8d2
32.Ra1f1 c2
33.a5 Rb8d8
34.a6 Ne4d6
35.Rf1c1 Nd6c4
36.a7 Nc4xe3
37.Kf3 Rd8d3
38.fxe3 Rd2h2
39.Rc6xc2 Rh2xh3
40.a8Q Kg7
41.Rc2c6 f4
42.Qa8a7 { abandon }1-0

[Event "VIC LA GARDIOLE"]
[Site "www.echecsemail.com"]
[Date "2026.01.07"]
[Round "1"]
[White "Qsdmlk"]
[Black "Tartu"]
[WhiteElo "1550"]
[BlackElo "1690"]
[Result "1-0"]
1.e4 e5
2.Ng1f3 Nb8c6
3.Nb1c3 Ng8f6
4.d4 exd4
5.Nf3xd4 Nc6xd4
6.Qd1xd4 Bf8e7
7.Bf1b5 O-O
8.O-O c6
9.Bb5a4 b5
10.Ba4b3 Bc8b7
11.Bc1f4 c5
12.Qd4e3 Rf8e8
13.Nc3xb5 d6
14.Qe3g3 Nf6h5
15.Qg3f3 Nh5xf4
16.Qf3xf4 Re8f8
17.c3 a6
18.Nb5a3 Be7f6
19.Ra1d1 Bf6e5
20.Qf4g4 Qd8f6
21.Qg4d7 Bb7c8
22.Qd7c6 Ra8a7
23.Bb3c2 Bc8e6
24.Qc6b6 Rf8a8
25.Bc2a4 Be6d7
26.Ba4xd7 Ra7xd7
27.Na3c4 h6
28.Rd1d5 Qf6f4
29.Nc4xe5 Rd7d8
30.Rd5xd6 Rd8xd6
31.Qb6xd6 Qf4g5
32.Qd6d5 Ra8f8
33.f4 Qg5f6
34.Ne5d7 { abandon }1-0

[Event "Défi( 10J+24H/c 10J Max )"]
[Site "www.echecsemail.com"]
[Date "2026.01.07"]
[Round "1"]
[White "Roxane"]
[Black "Woluwe1975"]
[WhiteElo "1460"]
[BlackElo "1610"]
[Result "0-1"]
1.c4 e5
2.Nb1c3 Ng8f6
3.e4 c5
4.Ng1f3 Nb8c6
5.Bf1e2 d6
6.O-O Bf8e7
7.b3 h6
8.Rf1e1 Bc8d7
9.Bc1b2 Nc6d4
10.Be2d3 O-O
11.a4 Rf8e8
12.Nf3h4 g5
13.Nh4f5 Nd4xf5
14.exf5 Bd7c6
15.a5 Be7f8
16.Re1e3 a6
17.h3 d5
18.Re3g3 d4
19.Nc3e2 e4
20.Bd3b1 Bf8d6
21.Rg3xg5 hxg5
22.Ne2g3 Bd6xg3
23.fxg3 Kg7
24.h4 g4
25.Qd1f1 Nf6h5
26.Bb1c2 f6
27.Qf1d1 Kf8
28.Qd1xg4 Nh5g7
29.Qg4g6 Qd8d7
30.Qg6xf6 Qd7f7
31.Qf6d6 Qf7e7
32.Qd6xe7 Kxe7
33.Bb2a3 Kf6
34.Ra1f1 d3
35.Ba3xc5 Re8d8
36.Bc2b1 Rd8d7
37.Bc5b4 Ra8h8
38.Bb4c3 Kf7
39.f6 Ng7e6
40.Bb1a2 Ne6d4
41.b4 Nd4e2
42.Kh2 Ne2xc3
43.dxc3 Kf8
44.c5 d2
45.Rf1d1 e3
46.Ba2c4 Rh8h6
47.Kh3 Rh6xf6
48.Bc4e2 Rf6f2
49.Be2d3 Rd7xd3
50.h5 Kg7
51.c4 Bc6d7
52.Kh2 Bd7g4
53.b5 Bg4xd1
54.bxa6 bxa6
55.c6 Bd1g4
56.c7 d1Q
57.c8Q Bg4xc8
58.c5 Rf2f1
59.g4 Bc8xg4
60.g3 Qd1e2
0-1

[Event "Défi"]
[Site "www.echecsemail.com"]
[Date "2026.01.07"]
[Round "1"]
[White "Gilberthellemans"]
[Black "Fr7d"]
[WhiteElo "1560"]
[BlackElo "1640"]
[Result "0-1"]
1.d4 d5
2.c4 Ng8f6
3.Ng1f3 c6
4.c5 e6
5.Bc1g5 Bf8e7
6.e3 h6
7.Bg5h4 O-O
8.Nf3e5 Nb8d7
9.Ne5d3 Nf6e4
10.Bh4xe7 Qd8xe7
11.Bf1e2 f5
12.O-O Nd7f6
13.f3 Ne4g5
14.Nd3f4 Qe7f7
15.Nf4d3 a5
16.Nd3e5 Qf7c7
17.h4 Ng5f7
18.Ne5g6 Rf8e8
19.Ng6f4 e5
20.dxe5 Qc7xe5
21.Qd1d2 g5
22.Kf2 gxh4
23.Rf1h1 Kh7
24.Nf4d3 Qe5g3
25.Kf1 d4
26.exd4 Nf6d5
27.Rh1h3 Qg3g6
28.Rh3h2 Re8g8
29.f4 h3
30.Be2f3 b6
31.Qd2f2 Bc8a6
32.Qf2d2 Ra8e8
33.Kg1 Ba6xd3
34.Bf3xd5 cxd5
35.Nb1c3 Bd3e4
36.Nc3xe4 dxe4
37.Rh2xh3 e3
38.Qd2e2 bxc5
39.dxc5 Nf7d8
40.Ra1f1 Nd8c6
41.Kh2 Nc6d4
{ abandon }0-1

[Event "Tournoi n27263"]
[Site "www.echecsemail.com"]
[Date "2026.01.07"]
[Round "1"]
[White "Geantvert"]
[Black "Burgman"]
[WhiteElo "1880"]
[BlackElo "2030"]
[Result "0-1"]
1.c4 c5
2.Nb1c3 Ng8f6
3.g3 Nb8c6
4.Bf1g2 d6
5.Ng1f3 Bc8g4
6.h3 Bg4d7
7.d3 e6
8.O-O Bf8e7
9.a3 O-O
10.Ra1b1 a5
11.Nf3d2 Qd8c8
12.b3 Rf8d8
13.Nc3b5 d5
14.a4 Nc6b4
15.Rb1b2 Bd7xb5
16.cxb5 b6
17.Nd2f3 Be7d6
18.Nf3e1 Qc8c7
19.Bc1d2 Ra8c8
20.Bd2xb4 axb4
21.f4 h6
22.Rb2c2 Qc7b8
23.Ne1f3 d4
24.Kh2 Nf6d5
25.e4 Nd5e3
26.Qd1e2 Ne3xc2
27.Qe2xc2 g5
28.e5 Bd6c7
29.Nf3d2 Kg7
30.Nd2e4 Rd8h8
31.Bg2f3 Rc8f8
32.Ne4f6 Bc7d8
33.Nf6h5 Kg8
34.Qc2d2 Bd8e7
35.Nh5f6 Be7xf6
36.exf6 Rf8e8
37.fxg5 Qb8e5
38.Rf1e1 Qe5xg5
39.Qd2xg5 hxg5
40.Re1e5 Kf8
41.Re5xg5 Rh8h6
42.Rg5e5 Rh6xf6
43.Kg2 Ke7
44.Bf3e4 Re8g8
45.g4 Rf6h6
46.Kg3 f6
{ abandon }0-1

[Event "Défi( 10J+24H/c 10J Max )"]
[Site "www.echecsemail.com"]
[Date "2026.01.07"]
[Round "1"]
[White "Roschecx"]
[Black "Chobi"]
[WhiteElo "1660"]
[BlackElo "1750"]
[Result "0-1"]
1.e4 e5
2.Ng1f3 d6
3.h3 Bf8e7
4.c3 Ng8f6
5.d3 h6
6.Bf1e2 Bc8e6
7.Nb1d2 O-O
8.O-O Nf6h7
9.b4 f5
10.Bc1b2 Nb8d7
11.exf5 Be6xf5
12.a4 Nh7f6
13.b5 Nf6d5
14.c4 Nd5f4
15.Nd2e4 Bf5xe4
16.dxe4 Nd7c5
17.Rf1e1 Nc5xe4
18.Be2f1 Ne4g5
19.Nf3xg5 Be7xg5
20.g3 Nf4e6
21.Bf1g2 Qd8f6
22.Re1f1 Ra8b8
23.h4 Bg5xh4
24.gxh4 Qf6xh4
25.Qd1d3 Ne6f4
26.Qd3e4 Qh4g4
27.Rf1e1 Nf4h3
28.Kh2 Qg4xe4
29.Re1xe4 Nh3xf2
30.Re4e2 Nf2d3
31.Bb2c3 Nd3f4
32.Re2f2 Nf4xg2
33.Rf2xf8 Rb8xf8
34.Kxg2 Rf8f4
35.c5 Rf4c4
36.Bc3e1 Rc4xc5
37.Be1f2 Rc5c2
38.Kf3 Rc2c4
39.Ke3 d5
40.Kd3 a6
41.bxa6 bxa6
42.a5 Kf7
43.Bf2g3 Ke6
44.Bg3h2 c5
45.Ra1a2 g5
46.Bh2g1 g4
47.Bg1h2 h5
48.Bh2g3 Rc4c1
49.Ke3 Rc1h1
50.Bg3f2 h4
51.Ra2e2 g3
52.Bf2e1 Kf5
53.Kf3 e4
54.Kg2 Rh1h2
55.Kf1 Rh2xe2
56.Kxe2 d4
57.Kd2 Kf4
{ abandon }0-1